000 00429pab a2200157 454500
008 180718b2002 xxu||||| |||| 00| 0 eng d
100 _aNziramassange, Mudziviri
245 _aOn the duration of self-employment: the impact of macroeconomic conditions
260 _c2002
300 _ap.46-73.
362 _aOct
650 _aEmployment
700 _aLee, Minsoo
773 _aJournal of Development Studies
909 _a54972
999 _c54972
_d54972